Ägyptische Kunst /

محفوظ في:

المؤلف الرئيسي: Poulsen, Vagn, 1909-1970.

التنسيق: كتاب

اللغة: German

منشور في: Königstein i. : Ts., Langewiesche, (1968).

سلاسل: Blauen Bücher.

الموضوعات:

الوسوم: إضافة وسم

لا توجد وسوم, كن أول من يضع وسما على هذه التسجيلة!

رقم الطلب: N5350 .P87 v.1-2

LEADER 00681nam a2200205Ia 4500
003 OSt
005 20250821090427.0
008 870314s1968 gw a 000 0 ger
040 |c ARCE Library 
050 4 |a N5350 .P87 v.1-2 
100 1 |a Poulsen, Vagn,  |d 1909-1970. 
245 1 0 |a Ägyptische Kunst /   |c [Herausgeber:] Vagn Poulsen. 
264 1 |a Königstein i. :   |b Ts., Langewiesche,   |c (1968). 
300 |a 2 volumes :   |b illustrations ;   |c 27 cm. 
490 0 |a Blauen Bücher. 
505 0 |a Bd. 1. Altes und mittleres Reich. (GDB 68-A25-293). -- Bd. 2. Neues Reich und Spätzeit. (GDB 68-A25-293). 
650 0 |a Art, Egyptian. 
901 |a reviewed 
942 |2 lcc  |c BK 
999 |c 47432  |d 47432